Taylor Swift - Paroles SuperStar - Statistiques

Statistiques générales
  • Ce quiz a été pris 10 fois
  • Le résultat moyen est 235 sur 280
Statistiques - réponses
Hint Réponse % Correct
a
100%
are
100%
be
100%
can't
100%
from
100%
girl
100%
I
100%
"I
100%
is
100%
love
100%
me
100%
no
100%
not
100%
of
100%
on
100%
one
100%
Superstar
100%
superstar
100%
the
100%
to
100%
When
100%
when
100%
who
100%
you
100%
Bridge | Pré-refrain You
100%
you"
100%
your
100%
again
83%
all
83%
and
83%
And
83%
around
83%
but
83%
desperately
83%
down
83%
eyes
83%
face
83%
feel
83%
Give
83%
hang
83%
help
83%
Help
83%
I'd
83%
I'm
83%
in
83%
just
83%
knew
83%
like
83%
my
83%
night
83%
nothing
83%
off
83%
right,
83%
saw
83%
see
83%
see,
83%
Refrain So
83%
take
83%
tell
83%
that
83%
Couplet 1 This
83%
up
83%
wall
83%
ways
83%
Who's
83%
with
83%
wrong,
83%
You'll
83%
you'll
83%
about
67%
ain't
67%
another
67%
babe
67%
bars,
67%
beautiful
67%
breaking
67%
comes
67%
could
67%
counting
67%
dim
67%
Every
67%
everyone
67%
eyed
67%
first
67%
front
67%
girls
67%
guitar
67%
invisible
67%
knows
67%
loneliness
67%
Misty
67%
more
67%
morning
67%
Couplet 2 Morning
67%
name
67%
never
67%
photograph
67%
play
67%
played
67%
radio
67%
row
67%
rules
67%
scream
67%
sing
67%
sleep
67%
smile
67%
special,
67%
spotlight,
67%
Outro Sweet,
67%
sweet
67%
There
67%
things
67%
town
67%
wide
67%
wish
67%
dreaming
50%
keep
50%
note
50%
today
50%
wakes
50%
world
50%
Aucun quiz correspondant
Distribution des résultats
% des personnes avec chaque résultat
Percentile par nombre de réponses
Votre historique - résultats
Vous n’avez pas pris ce quiz